[Event "Ruhrgebiet Verbandsklasse Gruppe 2 1819"]
[Site "Nordrheinwestfalen"]
[Date "2019.02.03"]
[Round "6.5"]
[White "Matthes, Severin Johannes"]
[Black "Bauriedel, Friedrich"]
[Result "1-0"]
[WhiteElo "1811"]
[BlackElo "1838"]
[PlyCount "57"]
[EventDate "2018.09.23"]
[EventType "team-tourn"]
[EventRounds "9"]
[EventCountry "GER"]
[SourceTitle "EXT 2022"]
[Source "ChessBase"]
[SourceDate "2021.10.06"]
[SourceVersion "1"]
[SourceVersionDate "2021.10.06"]
[SourceQuality "1"]
[WhiteTeam "Oberhausen SW"]
[BlackTeam "Kupferdreh Germania"]
[WhiteTeamCountry "GER"]
[BlackTeamCountry "GER"]

1. e4 c5 2. Nf3 Nf6 3. e5 Nd5 4. d4 cxd4 5. c4 Nc7 6. Nxd4 e6 7. Nc3 d5 8. Be3 Be7 9. Qg4 Kf8 10. 0-0-0 Nc6 11. Nxc6 bxc6 12. Ne4 f5 13. exf6 Bxf6 14. Nxf6 Qxf6 15. Bg5 Qf7 16. Qg3 Ne8 17. Rd3 Bd7 18. Rf3 Nf6 19. Qe5 Ke7 20. Bd3 h6 21. Be3 Rhc8 22. Bc5+ Kd8 23. Rg3 Qh5 24. Qd6 Ne8 25. Qe7+ Kc7 26. Re1 Qxh2 27. Bg6 Nf6 28. Bd6+ Kb6 29. Rb3+ 1-0

[Event "Ruhrgebiet Verbandsklasse Gruppe 2 1819"]
[Site "Nordrheinwestfalen"]
[Date "2018.12.02"]
[Round "4.5"]
[White "Hirschberg, Markus"]
[Black "Bauriedel, Friedrich"]
[Result "1/2-1/2"]
[WhiteElo "1797"]
[BlackElo "1838"]
[PlyCount "70"]
[EventDate "2018.09.23"]
[EventType "team-tourn"]
[EventRounds "9"]
[EventCountry "GER"]
[SourceTitle "EXT 2022"]
[Source "ChessBase"]
[SourceDate "2021.10.06"]
[SourceVersion "1"]
[SourceVersionDate "2021.10.06"]
[SourceQuality "1"]
[WhiteTeam "Buer Hassel"]
[BlackTeam "Kupferdreh Germania"]
[WhiteTeamCountry "GER"]
[BlackTeamCountry "GER"]

1. e4 c5 2. Nf3 Nf6 3. Nc3 d5 4. Bb5+ Bd7 5. Qe2 dxe4 6. Nxe4 Nxe4 7. Bxd7+ Qxd7 8. Qxe4 Nc6 9. 0-0 e6 10. b3 Be7 11. Bb2 0-0 12. Qg4 f6 13. Rfe1 Nd8 14. Rad1 Qc7 15. Re2 e5 16. Nh4 Bd6 17. Nf5 Nc6 18. Re3 Rad8 19. c3 Rd7 20. Rde1 e4 21. Qxe4 Bxh2+ 22. Kh1 Bf4 23. Qc4+ Kh8 24. Re8 Rd8 25. Rxf8+ Rxf8 26. Qxc5 Qf7 27. Nd6 Bxd6 28. Qxd6 Rd8 29. Qf4 Qh5+ 30. Kg1 Ne5 31. Ba3 h6 32. Rf1 Rd3 33. f3 Ng6 34. Qb8+ Kh7 35. Rf2 Qa5 1/2-1/2

[Event "Ruhrgebiet Verbandsklasse Gruppe 2 1516"]
[Site "Germany"]
[Date "2016.01.24"]
[Round "6.4"]
[White "Bauriedel, Friedrich"]
[Black "Wendt, Peter"]
[Result "1/2-1/2"]
[WhiteElo "1837"]
[BlackElo "1748"]
[PlyCount "80"]
[EventDate "2015.09.06"]
[EventType "team-tourn"]
[EventRounds "9"]
[EventCountry "GER"]
[SourceTitle "EXT 2022"]
[Source "ChessBase"]
[SourceDate "2021.10.06"]
[SourceVersion "1"]
[SourceVersionDate "2021.10.06"]
[SourceQuality "1"]
[WhiteTeam "Essen SK Germania Kupferdreh"]
[BlackTeam "Gladbeck SG II"]
[WhiteTeamCountry "GER"]
[BlackTeamCountry "GER"]

1. d4 d5 2. Nf3 Nf6 3. e3 e6 4. Bd3 Be7 5. 0-0 0-0 6. Nbd2 b6 7. e4 dxe4 8. Nxe4 Bb7 9. Qe2 Nbd7 10. Bg5 Nxe4 11. Bxe7 Qxe7 12. Bxe4 Bxe4 13. Qxe4 c5 14. Rad1 Nf6 15. Qe5 cxd4 16. Rxd4 Rfd8 17. Rfd1 Rxd4 18. Qxd4 h6 19. c4 Rc8 20. Kf1 Qb4 21. Ne5 a5 22. Rd3 a4 23. a3 Qc5 24. f4 h5 25. h3 Qc7 26. b4 axb3 27. Rxb3 Qc5 28. Qxc5 bxc5 29. Nd3 Ne4 30. Ke2 Ng3+ 31. Kd2 Rd8 32. Ke1 Ne4 33. a4 Rd4 34. Nb2 Rd6 35. a5 Ra6 36. Rb5 f5 37. Na4 Nd6 38. Nxc5 Rc6 39. Rb8+ Kh7 40. a6 Nc8 1/2-1/2

[Event "Ruhrgebiet VK2 0910"]
[Site "Ruhrgebiet"]
[Date "2009.11.08"]
[Round "3.4"]
[White "Bauriedel, Friedrich"]
[Black "Fraenkel, Karl Heinz"]
[Result "1/2-1/2"]
[WhiteElo "1867"]
[BlackElo "1901"]
[PlyCount "45"]
[EventDate "2009.09.06"]
[EventType "team"]
[EventRounds "9"]
[EventCountry "GER"]
[SourceTitle "EXT 2011"]
[Source "ChessBase"]
[SourceDate "2010.11.26"]
[SourceVersion "1"]
[SourceVersionDate "2010.11.26"]
[SourceQuality "1"]
[WhiteTeam "Germania Kupferdreh"]
[BlackTeam "Bochum SV II"]
[WhiteTeamCountry "GER"]
[BlackTeamCountry "GER"]

1. c4 f5 2. Nc3 g6 3. g3 Bg7 4. Bg2 Nf6 5. d3 0-0 6. e4 fxe4 7. dxe4 e5 8. h3 d6 9. Nge2 Nbd7 10. 0-0 a5 11. Be3 b6 12. Qd2 Bb7 13. Nd5 Nxd5 14. cxd5 Ba6 15. Rac1 Rc8 16. f3 Qe7 17. Rc3 Nc5 18. b3 Ra8 19. a3 Ra7 20. Rfc1 Bxe2 21. Qxe2 Rfa8 22. Qc2 h6 23. Kh2 1/2-1/2